000 00584nam a22001937a 4500
005 20180423120605.0
010 _aENG-122771
020 _a9789386850423
_c299.00
035 _aEN-106303
037 _bDBAD/PUB.
082 _aN
100 _aShenoy, Preeti
245 _aHundred little flames /
_cby Preeti Shenoy
260 _aNew Delhi
_bWestland Publications Ltd.
_c2017
270 _a93, Ist Floor, Sham Lal Road, Daryaganj,
_bNew Delhi
_e110002
300 v _a360p.
_c20cm.(pbk)
_bill.
500 _aIt include Author's note and acknowledgements
942 _2ddc
_cEN
_mSHE
_hN
999 _c151667
_d151667